Statistics for Countries Most Similar To Nigeria

Click here to take the quiz!

General Stats

  • This quiz has been taken 49 times
  • The average score is 14 of 21

Answer Stats

RankCountryScore% Correct
10Cameroon75.0
88%
1Ghana81.5
86%
16Democratic Republic of the Congo73.0
83%
12Togo74.4
83%
9Benin75.5
81%
20Republic of the Congo72.1
81%
2Ivory Coast79.0
74%
8Gambia76.0
71%
7Guinea76.1
71%
14Senegal74.3
71%
6Kenya76.2
67%
3Sierra Leone78.8
67%
5Liberia76.7
64%
4Tanzania77.0
60%
17Burkina Faso72.9
57%
17Central African Republic72.9
55%
20Guinea-Bissau72.1
55%
11Uganda74.7
50%
14Zambia74.3
38%
12South Sudan74.4
29%
19Malawi72.2
26%

Score Distribution

Percentile by Number Answered

Percent of People with Each Score

Your Score History

You have not taken this quiz